Дело о проектах инструкций и программ, упоминаемых в положениях: о начальных еврейских училищах и о еврейских учительских инстит...

Доступно только в Электронных читальных залах Найти на картеНа карте
RUSMARC
00003786nmc2a22002413x 450
001001fb9c0-ba6c-473d-9182-61d3fc749030
00520210819163400.0
100##$a20210322l18751893k l0rusy0189 ca
1010#$arus
102##$aRU
105##$ay###
1222#$ad
2001#$aДело о проектах инструкций и программ, упоминаемых в положениях: о начальных еврейских училищах и о еврейских учительских институтах, утвержденных 24 марта 1873 года
$j7 апреля 1875 г. - 4 мая 1893 г.
215##$a443 л.
$d36,5х26 см
251##$cДело
300##$aДело
371##$aДокумент не является опубликованным и широко распространяемым
461#0$1001a74412a3-3cc5-4d21-8f0a-dfe2fbd9e72d
$12001
$aДепартамент народного просвещения Министерства народного просвещения (1803-1917)
$1251
$cФонд
$1852
$j733
462#0$1001208a61b7-2020-4ed4-afdc-eeb27c3654e1
$12001
$aДела Департамента народного просвещения по части образования евреев (1863-1892 гг.)
$1251
$cОпись
$1852
$j189
801#0$aRU
$bРГИА
$c20210322
$gRCR
801#1$aRU
$bГлавНИВЦ
$c20210322
$2rusmarc
801#2$aRU
$bПБ им. Б.Н. Ельцина
$c20210819
$gRCR
$2rusmarc
850##$aРГИА
852##$aРГИА
$eФедеральное казенное учреждение "Российский государственный исторический архив" (РГИА)
$j520
937##$hРГИА
$d12361868
$aASBIBLIO_SCAN
035##$aRusGRCC00025951
856##$uhttp://readingroom.main.prlib.ru/item.aspx?id_node=n167483173&mode=full
Формат отображения